[Event "GRE-ch U16 Girls"]
[Site "Rio Achaia"]
[Date "2018.07.04"]
[Round "2"]
[White "Tounta, Lito Eleni"]
[Black "Kontodimou, Victoria"]
[Result "1/2-1/2"]
[WhiteElo "1259"]
[BlackElo "1109"]
[PlyCount "112"]
[EventDate "2018.07.03"]
[EventType "swiss"]
[EventRounds "9"]
[EventCountry "GRE"]
[SourceTitle "EXT 2019"]
[Source "ChessBase"]
[SourceDate "2018.10.10"]
[SourceVersion "1"]
[SourceVersionDate "2018.10.10"]
[SourceQuality "1"]

1. d4 Nf6 2. c4 e6 3. Nf3 Bb4+ 4. Nbd2 0-0 5. a3 Bxd2+ 6. Qxd2 d5 7. Qc2 Ne4 8. Nd2 Nc6 9. Nxe4 dxe4 10. Qxe4 Qxd4 11. Qd3 e5 12. e3 Qxd3 13. Bxd3 Rd8 14. Be4 Na5 15. 0-0 Nxc4 16. b3 Nd6 17. Bf3 Be6 18. b4 c6 19. Bb2 Nc4 20. Bc3 f6 21. Bd1 Rd3 22. Rc1 Nxa3 23. Be2 Rdd8 24. Bb2 Nb5 25. Bxb5 cxb5 26. Rc7 Rd7 27. Rc2 Rad8 28. Rcc1 b6 29. h3 a5 30. Ba3 Ra7 31. Rc6 Bc4 32. Rb1 Rb8 33. Rd1 a4 34. Rdd6 Rab7 35. f3 Kf7 36. Kf2 Kg6 37. g4 Kg5 38. Kg3 h5 39. f4+ exf4+ 40. exf4+ Kg6 41. g5 Rf7 42. gxf6 Rxf6 43. Rxf6+ gxf6 44. Bb2 Rf8 45. Rxb6 Kf5 46. Kf3 h4 47. Ke3 Re8+ 48. Kf3 Be2+ 49. Kf2 Kxf4 50. Rxf6+ Kg5 51. Rd6 Kh5 52. Rd5+ Kg6 53. Rd4 Kh5 54. Rd5+ Kg6 55. Rd4 Kh5 56. Rd5+ Kg6 1/2-1/2